<?xml version="1.0" encoding="UTF-8"?>
<record
    xmlns:xsi="http://www.w3.org/2001/XMLSchema-instance"
    xsi:schemaLocation="http://www.loc.gov/MARC21/slim http://www.loc.gov/standards/marcxml/schema/MARC21slim.xsd"
    xmlns="http://www.loc.gov/MARC21/slim">

  <leader>01880nam a2200181 a 4500</leader>
  <controlfield tag="001">000012796</controlfield>
  <controlfield tag="005">20200929163057.0</controlfield>
  <controlfield tag="008">091117s1980    dr a    r     001 0 spa d</controlfield>
  <datafield tag="020" ind1=" " ind2=" ">
    <subfield code="a">8449936985</subfield>
  </datafield>
  <datafield tag="040" ind1=" " ind2=" ">
    <subfield code="a">DO-SdBNP</subfield>
    <subfield code="b">spa</subfield>
    <subfield code="c">BNPHU</subfield>
  </datafield>
  <datafield tag="082" ind1=" " ind2=" ">
    <subfield code="a">xxxx</subfield>
    <subfield code="b">xxxx</subfield>
  </datafield>
  <datafield tag="100" ind1="1" ind2=" ">
    <subfield code="a">Ruiz de Rayuela, Mar&#xED;a Consuelo</subfield>
    <subfield code="9">29607</subfield>
  </datafield>
  <datafield tag="245" ind1="0" ind2="0">
    <subfield code="a">Trigonometr&#xED;a y geometr&#xED;a del espacio :</subfield>
    <subfield code="b">tercer curso de bachillerato, quinto curso de la reforma /</subfield>
    <subfield code="c">Mar&#xED;a Consuelo Ruiz de Rayuela ; pr&#xF3;logo Mar&#xED;a Consuelo de Royuela.</subfield>
  </datafield>
  <datafield tag="260" ind1=" " ind2=" ">
    <subfield code="a">Santo Domingo :</subfield>
    <subfield code="b">Susaeta,</subfield>
    <subfield code="c">1980.</subfield>
  </datafield>
  <datafield tag="300" ind1=" " ind2=" ">
    <subfield code="a">253 p. :</subfield>
    <subfield code="b">il. ;</subfield>
    <subfield code="c">25 cm.</subfield>
  </datafield>
  <datafield tag="505" ind1="0" ind2=" ">
    <subfield code="a">Trigonometr&#xED;a --</subfield>
    <subfield code="t">Funciones trigonom&#xE9;tricas de &#xE1;ngulos agudos --</subfield>
    <subfield code="t">Funciones trigonom&#xE9;tricas de &#xE1;ngulos cualesquiera --</subfield>
    <subfield code="t">Representaci&#xF3;n geom&#xE9;tricas de las funciones trigonom&#xE9;tricas en el c&#xED;rculo --</subfield>
    <subfield code="t">Variaciones de las funciones trigonom&#xE9;tricas y representaci&#xF3;n gr&#xE1;fica --</subfield>
    <subfield code="t">Reducci&#xF3;n de las funciones trigonom&#xE9;tricas al primer cuadrante --</subfield>
    <subfield code="t">Relaciones entre las funciones trigonom&#xE9;tricas de un &#xE1;ngulo --</subfield>
    <subfield code="t">Funciones trigonom&#xE9;tricas de la suma y de la diferencia de dos &#xE1;ngulos --</subfield>
    <subfield code="t">Funciones trigonom&#xE9;tricas de los &#xE1;ngulos duplo, triplo y mitad --</subfield>
    <subfield code="t">Conversi&#xF3;n de productos en sumas o diferencias. Conversi&#xF3;n de sumas o diferencias en productos. Ley de senos. Ley de cosenos. Ley de tangentes. Resoluci&#xF3;n de tri&#xE1;ngulos --</subfield>
    <subfield code="t">Logarismos y sus propiedades --</subfield>
    <subfield code="g">Geometr&#xED;a del espacio</subfield>
    <subfield code="t">Geometr&#xED;a del espacio. Conceptos generales --</subfield>
    <subfield code="t">Perpendicularidad de rectas y planos --</subfield>
    <subfield code="t">&#xC1;ngulos diedros --</subfield>
    <subfield code="t">Proyecciones: Proyecci&#xF3;n del punto --</subfield>
    <subfield code="t">Proyecciones de recta y plano --</subfield>
    <subfield code="t">&#xC1;ngulos poliedros --</subfield>
    <subfield code="t">Prismas--</subfield>
    <subfield code="t">La pir&#xE1;mide --</subfield>
    <subfield code="t">Cuerpos redondos --</subfield>
    <subfield code="t">Superficie c&#xF3;nica y cono de revoluci&#xF3;n --</subfield>
    <subfield code="t">La superficie esf&#xE9;rica y la esfera --</subfield>
    <subfield code="t">Igualdad y semejanza de poliedros. Poliedros regulares --</subfield>
    <subfield code="t">Secciones c&#xF3;nicas.</subfield>
  </datafield>
  <datafield tag="700" ind1="1" ind2="2">
    <subfield code="a">Royuela, Mar&#xED;a Consuelo de,</subfield>
    <subfield code="e">pr&#xF3;l.</subfield>
    <subfield code="9">29608</subfield>
  </datafield>
  <datafield tag="952" ind1=" " ind2=" ">
    <subfield code="0">0</subfield>
    <subfield code="1">0</subfield>
    <subfield code="7">1</subfield>
    <subfield code="8">PD</subfield>
    <subfield code="a">PD</subfield>
    <subfield code="b">PD</subfield>
    <subfield code="c">HD</subfield>
    <subfield code="d">2009-11-17</subfield>
    <subfield code="i">LF1</subfield>
    <subfield code="l">0</subfield>
    <subfield code="o">xxxx xxxx</subfield>
    <subfield code="p">12796-10</subfield>
    <subfield code="r">2020-06-25</subfield>
    <subfield code="w">2020-06-25</subfield>
    <subfield code="y">LFPD</subfield>
    <subfield code="Z">No se presta</subfield>
  </datafield>
  <datafield tag="999" ind1=" " ind2=" ">
    <subfield code="c">12447</subfield>
    <subfield code="d">12447</subfield>
  </datafield>
</record>
